000 01103nam a2200229Ia 4500
001 L262-19071
003 IT-CnALBA
008 170116s9999||||xx |||||||||||||| ||und||
040 _aIT-CnALBA
_cIT-CnALBA
041 _aITALIANO
100 _aFABBRETTI P. NAZARENO, OFM.
245 0 _aLA POPURORUM PROGRESSIO NELLA CRONACA ITALIANA.
250 _a1a ed.
260 _a ROMA, MILANO.
_bARES EDIZIONI
_c1967 [1° Ed.:1967 - Ed.Ling.Originale: 1967]
300 _a164 p.
500 _aCURATORE: GIACOMO DE ANTONELLIS. UMANESIMO PLENARIO. GIUDIZIO E CONVERSIONE UN'AUTORITÀ MONDIALE. TERZO MONDO. CAPITALISMO E COLONIALISMO. DEMOGRAFIA FRONTE LAICISTA. SVILUPPO, NOME NUOVO DELLA PACE.
501 _aSocietà San Paolo EM - Piazza San Paolo, 14 - 12051 ALBA (CN) (non commercial uses only) ® Copyright 2017
520 _aCURATORE: GIACOMO DE ANTONELLIS. UMANESIMO PLENARIO. GIUDIZIO E CONVERSIONE UN'AUTORITÀ MONDIALE. TERZO MONDO. CAPITALISMO E COLONIALISMO. DEMOGRAFIA FRONTE LAICISTA. SVILUPPO, NOME NUOVO DELLA PACE.
650 _aECCLESIOLOGIA
942 _cBK
957 _71
999 _a23810
_bNO
_g Copie: 1
_c278192
_d278192